| 000 | 00937nam a2200289 4500 | ||
|---|---|---|---|
| 003 | OSt | ||
| 005 | 20260530115312.0 | ||
| 008 | 260508b2921 xxu||||| |||| 00| 0 eng d | ||
| 020 | _a9783791387239 | ||
| 040 |
_aICI _bspa _cICI |
||
| 041 | _aeng | ||
| 050 |
_aNA7125 _bZ45 |
||
| 100 | 1 |
_aLette, Sandra, _d2001 _933038 |
|
| 245 | 1 | 0 |
_aTiny Houses / _cSandra Leitte |
| 264 | 1 |
_aMunich, London, New york : _bPrestel Munich _c2001 |
|
| 300 |
_a223 páginas : _bilustraciones |
||
| 336 |
_atexto _2rdacontent |
||
| 337 |
_asin medio _2rdamedia |
||
| 338 |
_avolumen _2rdacarrier |
||
| 650 | 4 |
_aViviendas ecológicas _933039 |
|
| 650 | 4 |
_aCasas pequeñas _933040 |
|
| 650 | 4 |
_aDiseño arquitectónico de casas _933041 |
|
| 650 | 4 |
_aViviendas ecológicas _xDiseño y construcción _933042 |
|
| 650 | 4 |
_aCasas pequeñas _xDiseños y planos _933043 |
|
| 650 | 4 |
_aDiseño arquitectónico de casas _vDiseños y planos _933044 |
|
| 942 |
_2lcc _cBK _n1 |
||
| 999 |
_c13429 _d13429 |
||